00589nam a22002177a 450000500170000001000130001702000110003003500130004103700160005404000120007008200160008210000290009824500630012724600060019026000390019627000510023530000320028650000200031865000150033865000180035320170124110230.0 aB-091465 c750.00 aB-091465 bCen Lib/Ret aDPLbEN a230.45bMAT aMathurha, Raj Behari Lal aSri krsna through mira's eyes /cby Raj Behari Lal Mathur  b  bUnique Publications aDelhi c2002 bDelhi a3380, baqa street, hauz qazi e110006 aviii, 200p:c24cm(Hb)bill. aIncludes index  aHinduism  aKrishna lila